00644nai a2200169Ia 4500003000900000008004100009022002200050022002300072040001600095245005100111260008600162310001400248362002600262521006900288650002900357856008800386IN-BaIIA211028c9999 xx s 000 0 eng d a1063-6706 (Print) a1941-0034 (Online) cIIA Library 0aIEEE Transactions on Fuzzy Systemsh[eJournal] aNew York, USAbThe Institute of Electrical and Electronics Engineers, Inc. (IEEE) aBimonthly a1(1); 1993 - Present  bSubscribed through National Knowledge Resource Consortium (NKRC) aComputing and Processing uhttps://ieeexplore.ieee.org/servlet/opac?punumber=91yClick Here to Access eJournal